000 00314nam a2200133Ia 4500
008 240624s9999 xx 000 0 und d
041 _aeng
082 _a823 JAC
100 _aJACOBS JOSEPH
245 _aINDIAN FAIRY TALES
260 _c2017
_aNew Delhi
_bHachette
300 _a224 p.; 19 cm.
365 _cRS
_b30
999 _c29534
_d29534